00529cam a22002171 4500001001300000003000400013005001700017008004100034010001700075035002000092040001800112042001200130050001600142100003400158245004200192260001100234300001900245500001300264650001700277999001700294sa 64007178 DLC20260227112044.0890227s1962 xx 000 0 urd  asa 64007178  a(OCoLC)23573126 aDLCcMiUdDLC apremarc00aPK2168b.S31 aAḥmad, Salīm,d1927-1983.10aNaʼī naẓm aur pūrā ādmī. c[1962] a127 p.c22 cm. aIn Urdu. 0aUrdu poetry. c60085d60085